000 02299cai a2200385 a 4500
005 20250711094731.0
008 020618d20022005oncar l b 0 2eng c
020 _a083893529X
020 _a0838935303
020 _a0838935311
020 _a0888023006
020 _a0888022999
035 _a(OCoLC)244647719
040 _aKABLIB
_beng
_cKABLIB
_erda
082 0 0 _223
_a025.32
_bANG
245 0 0 _aAnglo-American cataloguing rules /
_cprepared under the direction of the Joint Steering Committee for Revision of AACR, a committee of the American Library Association [and others].
246 1 _iCommonly known as:
_aAACR2
250 _a2nd ed., 2002 revision, 2005 update.
260 _aOttawa :
_bCanadian Library Association ;
_aChicago :
_bAmerican Library Association,
_c2002-2005.
300 _axx, 1 volume (loose-leaf) ;
_c30 cm
504 _aIncludes bibliographical references and index.
505 0 _aDescription. General rules for description -- Books, pamphlets, and printed sheets -- Cartographic materials -- Manuscripts (including manuscript collections) -- Music -- Sound recordings -- Motion pictures and videorecordings -- Graphic materials -- Electronic resources -- Three-dimensional artefacts and realia -- Microforms -- Continuing resources -- Analysis -- Headings, uniform titles, and references. Choice of access points -- Headings for persons -- Geographic names -- Headings for corporate bodies -- Uniform titles -- References -- Appendices. Capitalization -- Abbreviations -- Numerals -- Glossary -- Initial articles.
650 0 _aDescriptive cataloging
_vRules.
_914538
650 2 _aCataloging
_xstandards
_914539
650 6 _aCatalogage
_xRègles.
_914540
650 6 _aCatalogage
_vRègles.
_914541
650 7 _aDescriptive cataloging.
_2fast
_0(OCoLC)fst00891123
_914542
655 7 _aRules.
_2fast
_0(OCoLC)fst01423857
_914543
655 7 _aRules.
_2lcgft
_914543
710 2 _aJoint Steering Committee for Revision of AACR.
_914544
710 2 _aAmerican Library Association.
_914545
773 0 8 _iIncluded on the Web resource:
_aLibrary of Congress.
_sCataloger's desktop (Online)
_x1551-2185
_w(DLC) 2004212437
_w(OCoLC)55880929
780 0 2 _tAnglo-American cataloguing rules.
_b2nd ed., 1998 revision
_w(DLC) 98008479
_w(OCoLC)39281762
942 _2ddc
_cBOOK
999 _c5740
_d5740